Journey Around the Center of the Earth Quiz Stats

 Plays Quiz Updated Aug 9, 2017

Support Sporcle.
Go Orange.
Score 0/13 Timer 02:00
6 Plays Today
% Correct
???
99.9%
???
76.5%
???
69.1%
???
45.5%
???
33.6%
???
27.4%
???
25.4%
???
20.2%
???
18.4%
???
13.6%
???
10.3%
???
9.6%
???
4.6%

You're not logged in!

Compare scores with friends on all Sporcle quizzes.
OR
Log In
Forgot?

From the Vault

Alice in Wonderland Typing Challenge

by beforever

Why, sometimes we've typed as many as six impossible things before breakfast.
Remove Ads.
Support Sporcle.
Get the best of Sporcle when you Go Orange. This ad-free experience offers more features, more stats, and more fun while also helping to support Sporcle. Thank you for becoming a member.

Show Comments

Extras

Top Quizzes Today


Score Distribution

Your Account Isn't Verified!

In order to create a playlist on Sporcle, you need to verify the email address you used during registration. Go to your Sporcle Settings to finish the process.

Report this User

Report this user for behavior that violates our Community Guidelines.

Details: